| 000 | 00398nam a22001457a 4500 | ||
|---|---|---|---|
| 020 | _qPB. | ||
| 040 | _cFIZZA ISHAQ | ||
| 082 |
_a624.068 _bDEN |
||
| 100 |
_a McGeorge ,Denny. _9133574 |
||
| 245 |
_aConstruction Management: New Directions / _b Denny McGeorge. |
||
| 250 | _a3RD ED. | ||
| 260 |
_aLondon: _bWiley-Blackwell _c2013. |
||
| 300 |
_a300 P. ; _c6.7 x 0.6 x 9.5 inches |
||
| 942 |
_2ddc _cBK |
||
| 999 |
_c616515 _d616515 |
||